000 00569nam a2200169 i 4500
001 40151
003 ES-MaACL
005 20250717045530.0
007 t|
008 030305s1895 sp ||||1| spa d
100 1 _aCañal y Migolla, Carlos.
_934729
245 1 0 _aSevilla prehistórica
_b: yacimientos prehistóricos de la provincia de Sevilla /
_cCarlos Cañal y Migolla ; con un prólogo del Marqués de Nadaillac.
260 _aMadrid :
_bFé,
_c1895.
700 1 _aDu Pouget, Jean,
_d1818-1904
_9130379
852 _aES-MaACL
_jT-1101-F-5
999 _c40151
_d40151